Daňový únik - výnosná investícia. 2
Kadiaľ odtekajú finančné prostriedky, ktoré sa mali odviesť na daniach. Najčastejšie oblasti daňových únikov (komodity a služby). Prekážky brániace efektívnej eliminácii daňových únikov na Slovensku.
Gespeichert in:
| 1. Verfasser: | |
|---|---|
| Format: | Buchkapitel |
| Sprache: | Slowakisch |
| Schlagworte: | |
| Tags: |
Keine Tags, Fügen Sie das erste Tag hinzu!
|
MARC
| LEADER | 00000naa a2200000 4500 | ||
|---|---|---|---|
| 001 | r022441 | ||
| 005 | 20230801104431.0 | ||
| 041 | 0 | |a slo | |
| 044 | |a SK | ||
| 245 | 1 | 0 | |a Daňový únik - výnosná investícia. 2 |c Emil Burák |
| 520 | |a Kadiaľ odtekajú finančné prostriedky, ktoré sa mali odviesť na daniach. Najčastejšie oblasti daňových únikov (komodity a služby). Prekážky brániace efektívnej eliminácii daňových únikov na Slovensku. | ||
| 610 | 2 | 0 | |a Slovensko |
| 610 | 2 | 0 | |a 1989-1996 |
| 610 | 2 | 0 | |a únik daňový |
| 610 | 2 | 0 | |a dane |
| 610 | 2 | 0 | |a služby |
| 610 | 2 | 0 | |a komodity |
| 100 | 1 | |a Burák, Emil | |